| 000 | 00520nam a2200205 a 4500 | ||
|---|---|---|---|
| 001 | BRCA_6776 | ||
| 005 | 20190320205603.0 | ||
| 008 | 261011s1951----u--a######---#000-0#eng-# | ||
| 041 | _aeng | ||
| 044 | _au | ||
| 050 | 4 |
_aPN6231 _b.M4 A54 _c1951 |
|
| 245 | 1 | 0 |
_aJust be patient _cby Angelo |
| 260 |
_aFiladelfia, Pensilvania _bJ.C. Winston _c1951 |
||
| 300 |
_a64 p. _bil. _c21 cm. |
||
| 500 | _aI139 | ||
| 650 | 1 | 4 |
_aMedicina _xAnécdotas _916901 |
| 650 | 1 | 4 |
_aChistes _xSátiras _916902 |
| 902 | _aGFM | ||
| 942 |
_2lcc _cB |
||
| 999 |
_c6459 _d6459 |
||